000 00287 a2200121 4500
001 146524
040 _cEscola São Tomás de Aquino
100 _aROCHA, Ruth
240 1 0 _aA primavera da lagarta
_lpor
245 1 0 _aA primavera da lagarta
697 _a*LITERATURA INFANTO
942 _cBK
999 _c146524
_d146524